=LDR 00000nam 2200000 4500 =001 INLIS000000000041066 =005 20130612150622 =008 ***********************************Ind** =035 ##$$0010-061300000041066 =041 ##$$a Ind =082 ##$$a 813 =090 ##$$a 813, Cla b =100 ##$$a Clark Britie =245 ##$$a Bos dan neraka, bride Clark ; alih bahasa, Siska Juanita =260 ##$$a 2008 $b Jakarta =300 ##$$a 302 hlm, 18 cm =650 ##$$a Fiksi =850 ##$$a NBPNMAT